000 00479nam a22001697a 4500
999 _c8775
_d8775
003 GBCCL
005 20241126110658.0
008 211008b ||||| |||| 00| 0 eng d
040 _cgbc
082 _a236
_bDUN
100 _aDuncan, Homer
_92974
245 _aThil hongtung ding tangpi:
_ban outline of things to come /
_cadapted in Paite by K Pauzachin Guite
260 _aImphal :
_bL T Tawmna ,
_c1977.
300 _a54p. ;
650 _aEschatology
_92009
942 _2ddc
_cBK
_01